| 000 | 00458nam a2200169Ia 4500 | ||
|---|---|---|---|
| 008 | 231217s9999 xx 000 0 und d | ||
| 020 | _a817881224x | ||
| 041 | _aEnglish | ||
| 082 | _a338.4767 CHO.2;2 R1 | ||
| 100 | _aChowdary, Nagendra V ed... | ||
| 245 | 0 | _aWorld class manufacturing : concepts and cases V.2 | |
| 260 |
_c2003 _bICFAI _aHyderabad |
||
| 300 | _axv+171+A10 | ||
| 400 | _aEconomy series | ||
| 650 | _amanufacturing,V.2 | ||
| 942 | _cAA | ||
| 999 |
_c191907 _d191907 |
||